000
00338nam a2200145Ia 4500
008
230718s9999 xx 000 0 und d
041
_a
Eng.
082
_a
345549
_b
MOH-N
100
_a
Mohsim, Ali Hussain
245
0
_a
New Civil Criminal
260
_a
Pakistan
_b
Punjab Law House
_c
2013
300
_a
208
650
_a
Law
999
_c
28444
_d
28444